Základní MARC

Záznam Topical Term

Počet záznamů používajících tuto autoritu: 1

001 - CONTROL NUMBER

  • control field: 20619

003 - CONTROL NUMBER IDENTIFIER

  • control field: ABG508

005 - DATE AND TIME OF LATEST TRANSACTION

  • control field: 20260415085625.0

008 - FIXED-LENGTH DATA ELEMENTS

  • fixed length control field: 260415|| aca||aabn | a|a d

040 ## - CATALOGING SOURCE

  • Original cataloging agency: ABG508
  • Transcribing agency: ABG508

150 ## - HEADING--TOPICAL TERM

  • Topical term or geographic name entry element: komiksové tvůrkyně
  • Geographic subdivision: Francie
  • Chronological subdivision: 21. století

670 ## - SOURCE DATA FOUND

  • Source citation: Work cat.: (ABG508)34159: Lambda, Sophie, 1986- aut ill 20617, Lásko, jdi do háje :

Používáme knihovní systém Koha